000 00707nam a2200241 a 4500
001 0001-1120
003 ELIB.Books
008 150430 2010 eng
020 _a9780801028687
035 _a(ELIB.Books)0001-1275
092 _a225.6
_bPow/ Ach
100 _aPowell, Mark Allan./ Achtemeir, Paul J.
245 _aIntroduction the New Testament:
_bA Historical, Literary, and Theologicval Survey
260 _aGrand Rapids
_bBaker Academic
_c2009
300 _a560
_c23.5 Cm
500 _aC/o Moe Lwei
650 _aNew Testament
856 _nKBTS: Library
_uKBTS: Elib
942 _2ddc
_cBK
990 _a2
998 _cbat
_e2015-04-30
_mcat
_u2018-11-30
999 _c11120
_d11120